[Event "AUTO-ELITE-28"]
[Site "http://www.queenalice.com/game.php?id=50555"]
[Date "2006.2.1"]
[Round "1"]
[White "Orso"]
[Black "Pappa_S"]
[Result "1-0"]
[WhiteElo "2175"]
[BlackElo "1892"]

1. d4 f5 2. g3 Nf6 3. Bg2 g6 4. Nf3 Bg7 5. O-O O-O 6. b4 a5 7. b5 c6 8. c4 d5 9.
Nc3 dxc4 10. Qa4 Be6 11. Ng5 Qxd4 12. Nxe6 Qxc3 13. Rb1 Rc8 14. bxc6 bxc6 15.
Nxg7 Kxg7 16. Rb7 Qe5 17. Qxc4 Nbd7 18. Bf4 Qc5 19. Qe6 Rd8 20. Rc1 Qa3 21. Bxc6
Rac8 22. Rb3 Nf8 23. Qxf6+ exf6 24. Rxa3 g5 25. Be3 Rd6 26. Ba4 Rxc1+ 27. Bxc1
Ne6 28. Kg2 Rd5 29. Bb3 Re5 30. Bxe6 Rxe6 31. Rxa5 Rxe2 32. Ra7+ Kg6 33. a4 Rc2
34. Be3 f4 35. gxf4 Rc4 36. fxg5 fxg5 37. a5 Rg4+ 38. Kf3 h5 39. Ra8 Rg1 40.
Rg8+ Kf7 41. Rxg5 Ra1 42. Rxh5 Ra4 43. Rg5 Kf6 44. h4 Rxh4 45. a6 Ra4 46. a7
Rxa7 47. Bxa7 Kxg5 48. Ke4 Kh5 49. Ke5 Kg6 50. f4 1-0

[Event "AUTO-ELITE-28"]
[Site "http://www.queenalice.com/game.php?id=50556"]
[Date "2006.2.1"]
[Round "1"]
[White "Pappa_S"]
[Black "Orso"]
[Result "1-0"]
[WhiteElo "1932"]
[BlackElo "2206"]

1. e4 Nf6 2. e5 Nd5 3. d4 d6 4. Nf3 dxe5 5. Nxe5 c6 6. Bd3 Nd7 7. Nxd7 Bxd7 8.
O-O e6 9. c4 Nc7 10. Nd2 Be7 11. Nb3 O-O 12. Bf4 Ne8 13. Re1 Nf6 14. Be5 g6 15.
h3 Nh5 16. g4 Ng7 17. a3 a5 18. Rc1 a4 19. Nc5 f6 20. Nxb7 Qb6 21. Nc5 Rfd8 22.
Bf4 Bxc5 23. dxc5 Qxb2 24. Bc7 Rdc8 25. Bd6 Qxa3 26. Qd2 Rab8 27. Bxb8 Rxb8 28.
Ra1 Qxc5 29. Rxa4 Qd4 30. Rd1 Be8 31. Bf1 Qxd2 32. Rxd2 h5 33. Ra7 hxg4 34. hxg4
f5 35. f3 Kf8 36. Kg2 g5 37. Be2 Bg6 38. Kf2 Ne8 39. gxf5 exf5 40. Ra6 Rc8 41.
Rd7 Bf7 42. Raa7 Bg8 43. Bd3 Rb8 44. Bxf5 Bxc4 45. Rh7 Nf6 46. Rh6 Ng8 47. Rxc6
Bf7 48. Kg3 Ne7 49. Rc5 Rd8 50. Be4 Be6 51. Rxg5 Rd7 52. Ra6 Bc4 53. Rh6 Rd1 54.
Rh8+ Kf7 55. Rc5 Be6 56. Rh6 Rd7 57. Re5 Bc4 58. f4 Kf8 59. Rh7 Bg8 60. Rh8 Kg7
61. Rhh5 Kf8 62. Rb5 Rc7 63. Kg4 Bc4 64. Rb8+ Rc8 65. Rh8+ Kg7 66. Rhxc8 Nxc8
67. Rxc8 1-0

[Event "AUTO-ELITE-28"]
[Site "http://www.queenalice.com/game.php?id=50569"]
[Date "2006.2.1"]
[Round "1"]
[White "JimMorrisson"]
[Black "Pappa_S"]
[Result "0-1"]
[WhiteElo "2149"]
[BlackElo "1851"]

1. e4 e6 2. d4 d5 3. Nc3 Bb4 4. e5 c5 5. a3 Bxc3+ 6. bxc3 Ne7 7. Ne2 Nbc6 8. h4
O-O 9. Nf4 Qb6 10. Be3 Qb2 11. Ne2 Nf5 12. g4 Nxe3 13. fxe3 f6 14. exf6 Rxf6 15.
g5 Rf3 16. Rh3 Rf8 17. Rg3 Ne7 18. Bh3 Qb6 19. Nf4 Qd6 20. dxc5 Qxc5 21. Qd4 Qd6
22. Qb4 Qc7 23. Ne2 a5 24. Qd4 e5 25. Qd3 Bxh3 26. Rxh3 Qc6 27. Rb1 Rf7 28. Qb5
Qe6 29. Rg3 Raf8 30. Kd2 Nf5 31. Rbg1 Nd6 32. Qxa5 Nc4+ 0-1

[Event "AUTO-ELITE-28"]
[Site "http://www.queenalice.com/game.php?id=50570"]
[Date "2006.2.1"]
[Round "1"]
[White "Pappa_S"]
[Black "JimMorrisson"]
[Result "0-1"]
[WhiteElo "1879"]
[BlackElo "2133"]

1. c4 Nf6 2. Nc3 g6 3. e4 d6 4. d4 Bg7 5. f3 c5 6. dxc5 dxc5 7. Qxd8+ Kxd8 8.
Bf4 Nc6 9. O-O-O+ Nd7 10. Nd5 Be5 11. Bxe5 Ncxe5 12. h3 e6 13. Ne3 Ke7 14. f4
Nc6 15. Ne2 b6 16. g4 Bb7 17. Bg2 Rad8 18. h4 h6 19. Rhe1 g5 20. hxg5 hxg5 21.
fxg5 Nde5 22. Nf4 Rxd1+ 23. Rxd1 Rg8 24. Nh3 Nd4 25. b3 Ndf3 26. g6 Rxg6 27. Nf2
Rf6 28. Kb1 Rf4 29. Ka1 Bxe4 30. Nh3 Rf6 31. Nf2 Bc6 32. Nh3 Nd4 33. g5 Rg6 34.
Bxc6 Nexc6 35. Rg1 Nf3 36. Rg2 Ncd4 37. Kb2 Rg8 38. Kc3 Rh8 39. Nf4 Rh1 40. g6
fxg6 41. Rxg6 Rc1+ 42. Kb2 Re1 43. Neg2 Rd1 44. Rg7+ Kd6 45. Ne3 Rd2+ 46. Kb1
Rf2 47. Nh5 Re2 48. Ng4 Nd2+ 49. Ka1 Nc2+ 50. Kb2 Nb4 51. Kc1 Ne4 52. Nf4 Rc2+
53. Kd1 Rd2+ 54. Ke1 Nc2+ 55. Kf1 Nd4 56. Nh5 Rxa2 57. Nhf6 Nxf6 58. Nxf6 Nxb3
59. Ke1 Nd2 60. Rd7+ Ke5 61. Ng4+ Kf4 62. Rxd2 Rxd2 63. Kxd2 Kxg4 64. Ke3 a5 65.
Ke4 a4 0-1

[Event "AUTO-ELITE-28"]
[Site "http://www.queenalice.com/game.php?id=50579"]
[Date "2006.2.1"]
[Round "1"]
[White "Pappa_S"]
[Black "MikeDoherty"]
[Result "1-0"]
[WhiteElo "1873"]
[BlackElo "1951"]

1. d4 f5 2. Nc3 Nf6 3. Bg5 e6 4. e4 fxe4 5. Nxe4 Be7 6. Bxf6 Bxf6 7. c3 O-O 8.
Nxf6+ Qxf6 9. Nf3 b6 10. Be2 Bb7 11. O-O Nc6 12. Bd3 g5 13. Qd2 h6 14. Qe2 Rae8
15. Rae1 Re7 16. a3 Rg7 17. Be4 Nd8 18. Bxb7 Nxb7 19. Qa6 Nd6 20. Qxa7 Nf5 21.
Qxc7 g4 22. Nd2 d6 23. Qxb6 Qh4 24. Rxe6 Rg5 25. Re4 Rh5 26. Nf3 1-0

[Event "AUTO-ELITE-28"]
[Site "http://www.queenalice.com/game.php?id=50580"]
[Date "2006.2.1"]
[Round "1"]
[White "MikeDoherty"]
[Black "Pappa_S"]
[Result "0-1"]
[WhiteElo "1951"]
[BlackElo "1901"]

1. e4 c5 2. Nf3 Nc6 3. Bb5 g6 4. c3 Bg7 5. O-O e5 6. d3 a6 7. Ba4 Nge7 8. Nbd2
O-O 9. Re1 d6 10. Nf1 b5 11. Bc2 Qa5 12. Ng3 Bg4 13. h3 Bxf3 14. Qxf3 Nd4 15.
Qd1 Nxc2 16. Qxc2 Rae8 17. Bg5 Kh8 18. Bxe7 Rxe7 19. Nf1 f5 20. Ne3 Bh6 21. Nd5
Ref7 22. Re2 Bg5 23. a4 c4 24. b4 cxb3 25. Qxb3 fxe4 26. dxe4 Bh4 27. g3 Bd8 28.
Raa2 bxa4 29. Rxa4 Qc5 30. Qa2 a5 31. Rc4 Qa7 32. Kg2 Qb7 33. Rb2 Qa8 34. Qb3
Qa6 35. Ra4 Qd3 36. Qc4 Qf3+ 37. Kh2 Rb7 38. Raa2 Rxb2 39. Rxb2 Bg5 40. Qe2 Qxe2
41. Rxe2 a4 42. Kg2 a3 43. Ra2 Bc1 44. f4 Rb8 45. Nb4 Kg7 46. fxe5 dxe5 47. Kf3
Rc8 48. Nd5 Rb8 49. Nb4 Rc8 50. Nd5 Rb8 51. Nb4 Bb2 52. Ke2 h5 53. Kd3 Rf8 0-1

[Event "Challenge"]
[Site "http://www.queenalice.com/game.php?id=58160"]
[Date "2006.3.18"]
[Round "-"]
[White "Lcannon610"]
[Black "Pappa_S"]
[Result "0-1"]
[WhiteElo "1691"]
[BlackElo "1959"]

1. d4 f5 2. g3 Nf6 3. Bg2 g6 4. Nf3 Bg7 5. O-O O-O 6. c4 d6 7. Nc3 c5 8. dxc5
dxc5 9. Qb3 Nc6 10. Rd1 Qa5 11. Bf4 Ne4 12. Nd5 e6 13. Bc7 b6 14. Ne3 Rf7 15.
Bf4 e5 16. Bg5 Nd4 17. Qd3 Bb7 18. g4 Nxf2 19. Kxf2 e4 20. Qa3 Qxa3 21. bxa3
exf3 22. Bxf3 fxg4 23. Nxg4 Nxe2 24. Bf6 Bxf3 25. Kxf3 Re8 26. Kf2 Rxf6+ 27.
Nxf6+ Bxf6 28. Re1 Bxa1 29. Rxe2 Rxe2+ 30. Kxe2 Kf7 31. Kd3 g5 32. Ke4 Ke6 33.
a4 Bc3 34. Kd3 Bb4 35. Ke4 h5 36. h3 a6 37. Kd3 Ke5 38. Ke3 g4 39. h4 Be1 0-1

[Event "Challenge"]
[Site "http://www.queenalice.com/game.php?id=58603"]
[Date "2006.3.21"]
[Round "-"]
[White "Pappa_S"]
[Black "Lcannon610"]
[Result "1/2-1/2"]
[WhiteElo "1985"]
[BlackElo "1739"]

1. e4 d5 2. exd5 Qxd5 3. Nc3 Qd6 4. d4 Nf6 5. Nf3 Nc6 6. Nb5 Qd8 7. Ne5 e6 8.
Be2 Be7 9. Nxc6 bxc6 10. Nc3 c5 11. Be3 cxd4 12. Qxd4 Qxd4 13. Bxd4 O-O 14. Bf3
Rb8 15. O-O-O Bb7 16. Bxa7 Bxf3 17. gxf3 Rb7 18. Bd4 c5 19. Be3 Nd7 20. Ne4 Rfb8
21. b3 c4 22. Nd6 Bxd6 23. Rxd6 cxb3 24. axb3 Kf8 25. Kd1 Ke7 26. Rd2 h5 27. Ke2
Rc7 28. Rg1 g6 29. Rg5 Kf6 30. Ra5 Rbb7 31. Bg5+ Kg7 32. Bf4 Rc6 33. Be3 e5 34.
Rad5 Rcc7 35. f4 f6 36. h3 Kf7 37. fxe5 Nxe5 38. f4 Nc6 39. Rd6 Nb4 40. Bd4 Re7+
41. Kf3 Re6 42. Rxe6 Kxe6 43. Ke4 f5+ 44. Kf3 Nd5 45. Rg2 Kf7 46. Be5 Nf6 47.
Ke3 Nd7 48. Bd6 Rb6 49. Bc7 Re6+ 50. Kd3 Nc5+ 51. Kd4 Rc6 52. Be5 Ne6+ 53. Kd3
Nc5+ 54. Ke3 Re6 55. Kd4 Nd7 56. c4 Nxe5 57. fxe5 Rb6 58. Kc3 f4 59. c5 Rb8 60.
h4 Ke6 61. Rxg6+ Kxe5 62. Rg5+ Ke6 63. Rg6+ Ke5 64. Rg5+ Ke6 65. Rg6+ Ke5 66.
Rg5+ 1/2-1/2

[Event "AUTO-ELITE-39"]
[Site "http://www.queenalice.com/game.php?id=60702"]
[Date "2006.4.1"]
[Round "1"]
[White "Catalin"]
[Black "Pappa_S"]
[Result "0-1"]
[WhiteElo "1987"]
[BlackElo "1964"]

1. e4 g6 2. d4 c6 3. Be3 d5 4. e5 f6 5. f4 Qb6 6. b3 Nh6 7. Nc3 fxe5 8. fxe5 Nf5
9. Qg4 Na6 10. Bf2 Qb4 11. Ne2 Ne3 12. Qxc8+ Rxc8 13. Bxe3 Bg7 14. g3 O-O 15.
Bh3 Rb8 16. a3 Qa5 17. Bg5 c5 18. Bxe7 Rf3 19. Bxc5 Rxc3 20. b4 Rxa3 21. bxa5
Rxa1+ 22. Kd2 Bh6+ 23. Nf4 Rxh1 24. Be6+ Kg7 25. Bxd5 Rxh2+ 26. Kd3 Nxc5+ 27.
dxc5 Kf8 28. Kc3 Ke7 29. Nd3 Bd2+ 0-1

[Event "AUTO-ELITE-39"]
[Site "http://www.queenalice.com/game.php?id=60703"]
[Date "2006.4.1"]
[Round "1"]
[White "Pappa_S"]
[Black "Catalin"]
[Result "1-0"]
[WhiteElo "1975"]
[BlackElo "1911"]

1. e4 e5 2. Nf3 Nc6 3. Bb5 d6 4. d4 Bd7 5. Nc3 exd4 6. Nxd4 Nxd4 7. Bxd7+ Qxd7
8. Qxd4 Nf6 9. O-O c5 10. Qc4 a6 11. Rd1 b5 12. Qe2 Qe6 13. f3 Be7 14. Be3 O-O
15. a3 Rfe8 16. Qd2 c4 17. Qd4 Rac8 18. Qb6 Ra8 19. a4 Reb8 20. Qd4 b4 21. Ne2
a5 22. Nf4 Qc8 23. Rab1 Ra6 24. Kh1 Rba8 25. Nd5 Nxd5 26. Qxd5 Qc6 27. b3 c3 28.
Qxc6 Rxc6 29. Rd5 Raa6 30. Rbd1 Rc8 31. g4 h6 32. Rb5 Re8 33. Rdd5 Bd8 34. Rb7
Rc6 35. Rd7 Bc7 36. Bf4 Re6 37. Kg2 f6 38. h4 Kh8 39. h5 Kg8 40. Rd1 Kh8 41. Rd5
Kg8 42. Kh3 Kf8 43. Rxc7 Rxc7 44. Bxd6+ Rxd6 45. Rxd6 Rc5 46. Rd7 Re5 47. Ra7
Rc5 48. Kg3 Re5 49. Kf2 Kg8 50. Ke3 Rg5 51. Kd3 Kf8 52. Ke3 Kg8 53. Kd4 Kf8 54.
Kc4 Re5 55. Rb7 Rg5 56. Rb5 Ke7 57. Rxg5 hxg5 58. Kb5 1-0

[Event "AUTO-ELITE-39"]
[Site "http://www.queenalice.com/game.php?id=60716"]
[Date "2006.4.1"]
[Round "1"]
[White "alib2004"]
[Black "Pappa_S"]
[Result "0-1"]
[WhiteElo "1846"]
[BlackElo "1919"]

1. e4 c5 2. Nf3 Nc6 3. Bc4 a6 4. a4 e6 5. Nc3 Nf6 6. d3 d5 7. exd5 exd5 8. Ba2
Qe7+ 9. Qe2 Nb4 10. Qxe7+ Bxe7 11. O-O Nxc2 12. Rb1 Nb4 13. Bb3 Bf5 14. Ne5 c4
15. dxc4 d4 16. Ra1 dxc3 17. bxc3 Nd3 18. Nxd3 Bxd3 19. Re1 Kf8 20. Bd2 Ne4 21.
Bf4 Rd8 22. Be5 Bc5 23. Bg3 Nxc3 24. Rac1 Ne2+ 0-1

[Event "AUTO-ELITE-39"]
[Site "http://www.queenalice.com/game.php?id=60717"]
[Date "2006.4.1"]
[Round "1"]
[White "Pappa_S"]
[Black "alib2004"]
[Result "1-0"]
[WhiteElo "1887"]
[BlackElo "1834"]

1. c4 e5 2. Nc3 Nf6 3. Nf3 Nc6 4. g3 Be7 5. d4 exd4 6. Nxd4 O-O 7. Bg2 Nxd4 8.
Qxd4 c6 9. Bf4 Re8 10. O-O b6 11. Nb5 Bc5 12. Qd2 d5 13. Nc7 dxc4 14. Qxd8 1-0

[Event "AUTO-ELITE-39"]
[Site "http://www.queenalice.com/game.php?id=60724"]
[Date "2006.4.1"]
[Round "1"]
[White "man_from_mars"]
[Black "Pappa_S"]
[Result "0-1"]
[WhiteElo "1763"]
[BlackElo "1988"]

1. e4 c5 2. Nf3 e6 3. d4 cxd4 4. Nxd4 Nc6 5. Be3 Nf6 6. Nc3 Bb4 7. f3 Qa5 8. Nb3
Bxc3+ 9. Bd2 Bxd2+ 10. Nxd2 d5 11. Bd3 dxe4 12. fxe4 O-O 13. O-O Qb6+ 14. Kh1
Qxb2 15. Nc4 Qd4 16. Rf4 e5 17. Rh4 Ng4 18. Rxg4 Bxg4 19. Qxg4 Qxa1+ 0-1

[Event "AUTO-ELITE-39"]
[Site "http://www.queenalice.com/game.php?id=60725"]
[Date "2006.4.1"]
[Round "1"]
[White "Pappa_S"]
[Black "man_from_mars"]
[Result "1-0"]
[WhiteElo "1995"]
[BlackElo "1761"]

1. d4 Nf6 2. c4 g6 3. Nc3 Bg7 4. e4 d6 5. f3 O-O 6. Be3 Nc6 7. Qd2 Nd7 8. O-O-O
Re8 9. h4 Nb6 10. h5 Be6 11. d5 Ne5 12. dxe6 Nexc4 13. exf7+ Kxf7 14. Bxc4+ Nxc4
15. Qd5+ e6 16. Qxc4 a6 17. hxg6+ hxg6 18. Nh3 b5 19. Qb3 c5 20. Bxc5 Rc8 21.
Bxd6 Qb6 22. Ng5+ Kf6 23. f4 Bf8 24. Be5+ Ke7 25. Rh7+ Bg7 26. Rxg7+ Kf8 27.
Nh7# 1-0

[Event "Challenge"]
[Site "http://www.queenalice.com/game.php?id=63623"]
[Date "2006.4.16"]
[Round "-"]
[White "joey30"]
[Black "Pappa_S"]
[Result "0-1"]
[WhiteElo "1693"]
[BlackElo "1981"]

1. e4 c5 2. Nf3 Nc6 3. d4 cxd4 4. Nxd4 g6 5. Nc3 Bg7 6. Nf3 Bxc3+ 7. bxc3 Qa5 8.
Bb2 Nf6 9. Bd3 O-O 10. O-O d6 11. h3 Bd7 12. a3 Rac8 13. Re1 Ne5 14. Kh1 Qb6 15.
Nxe5 dxe5 16. Rb1 Qxf2 17. Rf1 Qh4 18. Qf3 Nh5 19. Rf2 f5 20. c4 fxe4 21. Qxe4
Ng3+ 0-1

[Event "QA-ANNIV-01"]
[Site "http://www.queenalice.com/game.php?id=90933"]
[Date "2006.7.31"]
[Round "4"]
[White "Pappa_S"]
[Black "ahimsa"]
[Result "1-0"]
[WhiteElo "2013"]
[BlackElo "1996"]

1. e4 g6 2. d4 Bg7 3. Nf3 c6 4. Nbd2 d5 5. h3 Nd7 6. c3 Ngf6 7. e5 Ne4 8. Nxe4
dxe4 9. Ng5 c5 10. e6 fxe6 11. Nxe6 Qb6 12. Nxg7+ Kd8 13. Bc4 h5 14. dxc5 1-0

[Event "Russia-Germany"]
[Site "http://www.queenalice.com/game.php?id=96500"]
[Date "2006.8.16"]
[Round "-"]
[White "LoveChess"]
[Black "Pappa_S"]
[Result "1-0"]
[WhiteElo "2138"]
[BlackElo "2028"]

1. d4 d5 2. c4 c6 3. Nf3 dxc4 4. e3 b5 5. a4 e6 6. axb5 cxb5 7. b3 Nf6 8. bxc4
bxc4 9. Bxc4 Nbd7 10. O-O Bb7 11. Nbd2 Qc7 12. Bb2 Rb8 13. Qc2 Bxf3 14. Nxf3 Bd6
15. Ba3 Bxa3 16. Rxa3 O-O 17. Qa2 Rb7 18. Ba6 Rb6 19. Bd3 Rb7 20. h3 1-0